书目信息 |
| 题名: |
词曲选读
|
|
| 作者: | 中国社会科学院文学研究所选编 | |
| 分册: | ||
| 出版信息: | 北京 作家出版社 2000 |
|
| 页数: | 10,176页 | |
| 开本: | 20cm | |
| 丛书名: | ||
| 单 册: | ||
| 中图分类: | I222.8 , I222.844 , I222.9 | |
| 科图分类: | ||
| 主题词: | 宋词--中国--选集 , 元曲--中国--选集 , 宋词 , 元曲 | |
| 电子资源: | ||
| ISBN: | 7-5063-1646-3 | |
| 000 | 00862nam0 2200265 450 | |
| 001 | 1569913444 | |
| 005 | 20150122192545.87 | |
| 010 | @a7-5063-1646-3@dCNY9.00 | |
| 100 | @a20010627d2000 em y0chiy0110 ea | |
| 101 | 0 | @achi |
| 102 | @aCN@b110000 | |
| 105 | @ay z 000gy | |
| 200 | 1 | @a词曲选读@9Ci Qu Xuan Dou@f中国社会科学院文学研究所选编@FZhong Guo She Hui Ke Xue Yuan Wen Xue Yan Jiu Suo Xuan Bian |
| 210 | @a北京@c作家出版社@d2000 | |
| 215 | @a10,176页@d20cm | |
| 330 | @a本书选编了张致和的《渔歌子(西塞山前白鹭飞)》、陆游的《长相思(云千里)》、辛弃疾的《西江月·夜行黄沙道中》等七十余首词,以及三十余首散曲。 | |
| 606 | 0 | @a宋词@y中国@j选集 |
| 606 | 0 | @a元曲@y中国@j选集 |
| 606 | 0 | @a宋词 |
| 606 | 0 | @a元曲 |
| 690 | @aI222.8@v5 | |
| 690 | @aI222.844@v5 | |
| 690 | @aI222.9@v5 | |
| 801 | 0 | @aCN@bTSSF@c20150122 |
| 905 | @aZUCC@dI222.8@eJY221 | |
| 词曲选读/中国社会科学院文学研究所选编.-北京:作家出版社,2000 |
| 10,176页;20cm |
| ISBN 7-5063-1646-3:CNY9.00 |
| 本书选编了张致和的《渔歌子(西塞山前白鹭飞)》、陆游的《长相思(云千里)》、辛弃疾的《西江月·夜行黄沙道中》等七十余首词,以及三十余首散曲。 |
| ● |
| 相关链接 |
|
|
|
|
正题名:词曲选读
索取号:I222.8/JY221
 
预约/预借
| 序号 | 登录号 | 条形码 | 馆藏地/架位号 | 状态 | 备注 |
| 1 | 7840054 | 278400543 | 学院路分馆/ [索取号:I222.8/JY221] | 在馆 | |
| 2 | 7840055 | 278400552 | 学院路分馆/ [索取号:I222.8/JY221] | 在馆 |